Home Print Resources E-Books E-Journals IIMT Lecture Series Library Membership Form Book Recommendation Form Campus Tour Take AdmissionAbout Us Contact Us

Database Management Systems (Record no. 17419)

000 -LEADER
fixed length control field 00395nam a2200169Ia 4500
003 - CONTROL NUMBER IDENTIFIER
control field OSt
005 - DATE AND TIME OF LATEST TRANSACTION
control field 20240229103359.0
008 - FIXED-LENGTH DATA ELEMENTS--GENERAL INFORMATION
fixed length control field 170619s9999 xx 000 0 und d
020 ## - INTERNATIONAL STANDARD BOOK NUMBER
International Standard Book Number 9780071231510
040 ## - CATALOGING SOURCE
Transcribing agency IIMT ENGINEERING COLLEGE
100 ## - MAIN ENTRY--PERSONAL NAME
Personal name Ramakrishanan
245 #0 - TITLE STATEMENT
Title Database Management Systems
260 ## - PUBLICATION, DISTRIBUTION, ETC.
Name of publisher, distributor, etc. London; MGH
260 ## - PUBLICATION, DISTRIBUTION, ETC.
Date of publication, distribution, etc. 2003
546 ## - LANGUAGE NOTE
Language note ENGLISH
942 ## - ADDED ENTRY ELEMENTS (KOHA)
Source of classification or shelving scheme
Koha item type Text-Book- for 7 days
Holdings
Withdrawn status Lost status Source of classification or shelving scheme Damaged status Not for loan Home library Current library Date acquired Source of acquisition Barcode Date last seen Uniform Resource Identifier Price effective from Koha item type Public note
          IIMT Engineering College-BTech IIMT Engineering College-BTech 12/31/2004 1 06-B-10939 07/03/2017 CS 07/03/2017 Text-Book- for 7 days  
          IIMT Engineering College-BTech IIMT Engineering College-BTech 12/31/2004 1 06-B-10940 07/03/2017 CS 07/03/2017 Text-Book- for 7 days cm po
          IIMT Engineering College-BTech IIMT Engineering College-BTech 12/31/2004 1 06-B-10941 07/03/2017 CS 07/03/2017 Text-Book- for 7 days  
          IIMT Engineering College-BTech IIMT Engineering College-BTech 01/24/2005 1 06-B-11604 07/03/2017 CS 07/03/2017 Text-Book- for 7 days  
          IIMT Engineering College-BTech IIMT Engineering College-BTech 01/24/2005 1 06-B-11605 07/03/2017 CS 07/03/2017 Text-Book- for 7 days  
          IIMT Engineering College-BTech IIMT Engineering College-BTech 01/24/2005 1 06-B-11606 07/03/2017 CS 07/03/2017 Text-Book- for 7 days  
          IIMT Engineering College-BTech IIMT Engineering College-BTech 01/24/2005 1 06-B-11607 07/03/2017 CS 07/03/2017 Text-Book- for 7 days  
          IIMT Engineering College-BTech IIMT Engineering College-BTech 01/24/2005 1 06-B-11608 07/03/2017 CS 07/03/2017 Text-Book- for 7 days  
          IIMT Engineering College-BTech IIMT Engineering College-BTech 01/24/2005 1 06-B-11609 07/03/2017 CS 07/03/2017 Text-Book- for 7 days  
IIMT, Central Library. All Rights Reserved IIMT,UNIVERSITY © 2023
Implemented and Customised by I CLOUDE EMS
You Are OPAC Visitor No
free web counter

Powered by Koha